Práctica y procedimientos del estudio de tiempos
Sparad:
| Institutionell upphovsman: | |
|---|---|
| Materialtyp: | Bok |
| Språk: | spanska |
| Publicerad: |
Ciudad de México
Herrero Hermanos
1963
|
| Upplaga: | 1a. ed |
| Serie: | Manual de Adiestramiento, 11
|
| Ämnen: | |
| Taggar: |
Lägg till en tagg
Inga taggar, Lägg till första taggen!
|
MARC
| LEADER | 00000cam a2200000 a 4500 | ||
|---|---|---|---|
| 001 | UCF9374 | ||
| 003 | CL-VaPUC | ||
| 008 | 131111e19630900mx |||||||||||||||||spa|d | ||
| 082 | 0 | 4 | |a 658.542 |b CAR |2 21 |
| 110 | 2 | |a Carrier Corporation |e author |9 571643 | |
| 245 | 1 | 0 | |a Práctica y procedimientos del estudio de tiempos |
| 250 | |a 1a. ed | ||
| 300 | |a 62 p | ||
| 942 | |c BK | ||
| 945 | |d 20131111 15:03:00 |a dcastane | ||
| 260 | |a Ciudad de México |b Herrero Hermanos |c 1963 | ||
| 650 | 0 | |a Gestión administrativa |9 375217 | |
| 650 | 7 | |a TIEMPOS Y COSTOS |2 CL-VaPUC |9 571644 | |
| 583 | |a last modification |c 20131111 15:03:00 |k Rodrigo Vera | ||
| 490 | 0 | |a Manual de Adiestramiento, 11 | |
| 999 | |c 353820 |d 353818 | ||